| 000 | 00458nam a2200193Ia 4500 | ||
|---|---|---|---|
| 008 | 170918s9999 xx 000 0 und d | ||
| 020 | _a9780590681179 | ||
| 050 | _bB562 1998 | ||
| 100 | _aBetancourt, Jeanne | ||
| 245 | _aTen true animal rescues / | ||
| 245 | _cby Jeanne Betancourt. | ||
| 260 | _aNew York : | ||
| 260 | _bScholastic, | ||
| 260 | _c1998 | ||
| 300 | _a66 pages : | ||
| 300 | _billustrations ; | ||
| 300 | _c19cm. | ||
| 500 | _a730 | ||
| 999 |
_c344248 _d344248 |
||